| 000 | 00430nam a22001457a 4500 | ||
|---|---|---|---|
| 005 | 20250609120555.0 | ||
| 008 | 250609b |||||||| |||| 00| 0 eng d | ||
| 020 | _a9780310201557 | ||
| 050 |
_aBT 767 _b.3 ARE |
||
| 100 | _aGAFFIN, RICHARD B. ET....AL | ||
| 245 |
_aARE MIRACULOUS GIFTS FOR TODAY _cRICHARD B. GAFFIN JR ET...AL |
||
| 260 |
_aMICHIGAN _bZONDERVAN PUBLISHING HOUSE _cc1996 |
||
| 300 | _a368p.; | ||
| 942 |
_2lcc _cBK _n0 |
||
| 999 |
_c6342 _d6342 |
||